00762 2200301 4500001002100000005001800021008004100039020001800080035002400098090001900122100002000141245003000161250001100191260002800202300002900230650002300259850001500282999001500297999002800312999001500340999001500355999001500370999001500385999001500400999001500415999001500430999001500445YOGYA-0211000000073020110202081137158 ind  a979-363-738-2 0010-021100000000730 aPK 028.5 Nas S aNASIN, Muhammad aSungai pun kembali bening aCet. 5 aBandungbRawansahc2010 a68 hlm. : ilus. ; 21 cm. aBacaan kanak-kanak aYOPDYOG[B] a10BPK06147 a10BPK06148 6148-PK/B.10 a10BPK06149 a10BPK06150 a10BPK06151 a10BPK06152 a10BPK06153 a10BPK06154 a10BPK06155 a10BPK06156